La cartera del muerto (Record no. 184455)

MARC details
000 -LEADER
campo de control de longitud fija 00883nam a2200241 i 4500
001 - NÚMERO DE CONTROL
campo de control 184455
003 - IDENTIFICADOR DE NÚMERO DE CONTROL
campo de control ES-MaACL
005 - FECHA Y HORA DE LA ÚLTIMA TRANSACCIÓN
campo de control 20251115063321.0
008 - DATOS DE LONGITUD FIJA--INFORMACIÓN GENERAL
campo de control de longitud fija 150902s1922 sp |||| | spa d
080 ## - NÚMERO DE LA CLASIFICACIÓN DECIMAL UNIVERSAL
Número de la Clasificación Decimal Universal 821.134.2-23"19"
100 1# - ENTRADA PRINCIPAL--NOMBRE DE PERSONA
Nombre de persona Muñoz Seca, Pedro,
Fechas asociadas al nombre 1881-1936
9 (RLIN) 84499
245 13 - MENCIÓN DEL TÍTULO
Título La cartera del muerto
Resto del título : comedia dramática en tres actos /
Mención de responsabilidad, etc. original de Pedro Muñoz Seca.
260 ## - PUBLICACIÓN, DISTRIBUCIÓN, ETC.
Lugar de publicación, distribución, etc. Madrid :
Nombre del editor, distribuidor, etc. Prensa Popular,
Fecha de publicación, distribución, etc. [1922]
300 ## - DESCRIPCIÓN FÍSICA
Extensión [32] p. ;
Dimensiones 20 cm.
490 1# - MENCIÓN DE SERIE
Mención de serie La novela teatral, Año VII ;
Designación de volumen o secuencia 278 - Madrid, 19 marzo 1922
597 ## - NOTA DE DESCRIPCIÓN FÍSICA
NOTA DE DESCRIPCIÓN FÍSICA P. sin numerar.
599 ## - NOTA A LAS ILUSTRACIONES
NOTA A LAS ILUSTRACIONES En cub.: caricatura de Federico Gil Asensio, por Tovar.
700 0# - ENTRADA AGREGADA--NOMBRE PERSONAL
Nombre de persona Tovar
Títulos y otros términos asociados al nombre , ilustrador.
9 (RLIN) 157378
830 0# - PUNTO DE ACCESO ADICIONAL DE SERIE-TÍTULO UNIFORME
Título uniforme La novela teatral, Año VII ;
Designación de volumen o secuencia 278 - Madrid, 19 marzo 1922
9 (RLIN) 192156
852 ## - LOCALIZACIÓN
Ubicación ES-MaACL
Número de control de estantería 2332-F-4
852 ## - LOCALIZACIÓN
Ubicación ES-MaACL
Número de control de estantería 2332-F-5
Holdings
Estatus retirado Estado de pérdida Estado de daño No para préstamo Colección Biblioteca de origen Biblioteca actual Ubicación en estantería Fecha de adquisición Fuente de adquisición Total de préstamos Signatura topográfica completa Código de barras Visto por última vez Precio de reemplazo Tipo de ítem Koha
        Colección de folletos Biblioteca del Ateneo de Madrid Biblioteca del Ateneo de Madrid Depósito folletos 02/09/2015     2332-F-5 1194120 23/02/2023 23/02/2023 Folleto
        Colección de folletos Biblioteca del Ateneo de Madrid Biblioteca del Ateneo de Madrid Depósito folletos 02/09/2015     2332-F-4 1194119 23/02/2023 23/02/2023 Folleto